000 00507nam a22001937a 4500
003 OSt
005 20231216112032.0
008 231216b |||||||| |||| 00| 0 eng d
020 _a0521247888
040 _cDDC
082 _a512 OST 1990
100 _aOstaszewski, Adam
_916864
245 _aAdvanced Mathematical Methods
260 _aCambridge University Press, 1990
300 _axiii,545p; ill: 23cm
504 _aAppendices, & index included
650 _aMathematics
_9810
942 _2ddc
_cO_SHELF
999 _c8248
_d8248